Catálogo público

Reporte de la fase de campo virtual de la asignatura Interrelación Agricultura-Industria en el estado de Oaxaca en los sistemas cacao chocolate, agave-mezcal y leche-quesillo / (Record no. 217676)

MARC details
000 -CABECERA
campo de control de longitud fija 02881nam a22004217a 4500
003 - IDENTIFICADOR DEL NÚMERO DE CONTROL
campo de control CHAP
005 - FECHA Y HORA DE LA ÚLTIMA TRANSACCIÓN
campo de control 20240520182937.0
007 - CAMPO FIJO DE DESCRIPCIÓN FÍSICA--INFORMACIÓN GENERAL
campo de control de longitud fija ta
008 - DATOS DE LONGITUD FIJA--INFORMACIÓN GENERAL
campo de control de longitud fija 221026s2021 mx adbofs|||| 001 0 spa d
040 ## - FUENTE DE LA CATALOGACIÓN
Centro catalogador/agencia de origen mxchpua
090 ## - LOCALMENTE ASIGNADO TIPO-LC NÚMERO DE CLASIFICACIÓN (OCLC); NÚMERO DE CLASIFICACIÓN LOCAL (RLIN)
Número de clasificación (OCLC) (R) ; Numero de clasificación, CALL (RLIN) (NR) T.C.856
Número cutter local (OCLC) ; Número de libro/Signatura topográfica íntegra, CALL (RLIN) F56 IAI
Año 2021
245 10 - MENCIÓN DE TÍTULO
Título Reporte de la fase de campo virtual de la asignatura Interrelación Agricultura-Industria en el estado de Oaxaca en los sistemas cacao chocolate, agave-mezcal y leche-quesillo /
Mención de responsabilidad, etc. coordinador Emmanuel Flores Girón ; colaboradores Karely Michelle Aquino Ruíz...[y otros]
260 ## - PUBLICACIÓN, DISTRIBUCIÓN, ETC.
Lugar de publicación, distribución, etc. Chapingo, México :
Nombre del editor, distribuidor, etc. El autor,
Fecha de publicación, distribución, etc. 2021
300 ## - DESCRIPCIÓN FÍSICA
Extensión 1 recurso en línea (195 hojas) :
Otras características físicas ilustraciones, mapas, gráficas, diagramas, tablas, fotos
336 ## - TIPO DE CONTENIDO
Fuente rdacontent
Término de tipo de contenido texto
Código de tipo de contenido txt
337 ## - TIPO DE MEDIO
Fuente rdamedia
Nombre/término del tipo de medio computadora
Código del tipo de medio c
338 ## - TIPO DE SOPORTE
Fuente rdacarrier
Nombre/término del tipo de soporte recurso en línea
Código del tipo de soporte cr
500 ## - NOTA GENERAL
Nota general Grado : 5° Grupo : 3 --<br/>Directorio: h.188-191
502 ## - NOTA DE TESIS
Nota de tesis Viaje de Estudios
Tipo de título (IAI) --
Nombre de la institución que otorga el título UACh, Departamento de Ingeniería Agroindustrial,
Año de obtención del título 2021
504 ## - NOTA DE BIBLIOGRAFÍA, ETC.
Nota de bibliografía, etc. Bibliografía: h. 192-195
505 0# - NOTA DE CONTENIDO CON FORMATO
Nota de contenido con formato Visitas: --<br/>
Título 1. El rey de Mazatlán -- <br/>2. Chocolate De La Villa Real -- <br/>3. Benjamín García González --<br/>4. Cooperativa Cacao --<br/>5. Esmeralda Karina Jiménez García y José Lucas García --<br/>6. Rodrigo Alejandro Rodríguez López --<br/>7. Ricardo Gallardo Machado --<br/>8. Proveedora agrícola soledad salinas SA de CV --<br/>9. Rizoma Mezcal Artesanal --<br/>10. Chocolates Córdova --<br/>11. Chocolate y mole La Soledad --<br/>12. Productor de agave --<br/>13. Julio Santiago Ortiz --<br/>14. Chocolatería Juana Zerete --<br/>15. INIFAP Campo experimental Valles Centrales de Oaxaca --<br/>16. FIRA Valles Centrales de Oaxaca --<br/>17. Cremería Dany --<br/>18. Quesillo Rancho Loma Colorada --<br/>19. Chocolate Sabrosolate --<br/>20. Yé-la, Chocolate de la selva --<br/>21. Dr. Luciano Martínez Bolaños --<br/>22. Mezcal El Cortijo --<br/>23. Tu Mezcal a Granel
650 13 - PUNTO DE ACCESO ADICIONAL DE MATERIA--TÉRMINO DE MATERIA
Término de materia o nombre geográfico como elemento de entrada Industria quesera
Subdivisión geográfica México
-- Oaxaca
9 (RLIN) 142511
650 13 - PUNTO DE ACCESO ADICIONAL DE MATERIA--TÉRMINO DE MATERIA
Término de materia o nombre geográfico como elemento de entrada Industria lechera
Subdivisión geográfica México
-- Oaxaca
9 (RLIN) 57819
650 13 - PUNTO DE ACCESO ADICIONAL DE MATERIA--TÉRMINO DE MATERIA
Término de materia o nombre geográfico como elemento de entrada Alcoholes etílicos
Subdivisión geográfica México
-- Oaxaca
9 (RLIN) 148013
650 13 - PUNTO DE ACCESO ADICIONAL DE MATERIA--TÉRMINO DE MATERIA
Término de materia o nombre geográfico como elemento de entrada Industria de la destilería
Subdivisión geográfica México
-- Oaxaca
9 (RLIN) 150300
650 13 - PUNTO DE ACCESO ADICIONAL DE MATERIA--TÉRMINO DE MATERIA
Término de materia o nombre geográfico como elemento de entrada Chocolate
Subdivisión geográfica México
-- Oaxaca
9 (RLIN) 22816
650 13 - PUNTO DE ACCESO ADICIONAL DE MATERIA--TÉRMINO DE MATERIA
Término de materia o nombre geográfico como elemento de entrada Productos derivados del cacao
Subdivisión geográfica México
-- Oaxaca
9 (RLIN) 150301
650 13 - PUNTO DE ACCESO ADICIONAL DE MATERIA--TÉRMINO DE MATERIA
Término de materia o nombre geográfico como elemento de entrada Industria del cacao
Subdivisión geográfica México
-- Oaxaca
9 (RLIN) 185308
650 13 - PUNTO DE ACCESO ADICIONAL DE MATERIA--TÉRMINO DE MATERIA
Término de materia o nombre geográfico como elemento de entrada Cheese industry
Subdivisión geográfica Mexico
-- Oaxaca
9 (RLIN) 154162
650 13 - PUNTO DE ACCESO ADICIONAL DE MATERIA--TÉRMINO DE MATERIA
Término de materia o nombre geográfico como elemento de entrada Dairy industry
Subdivisión geográfica Mexico
-- Oaxaca
9 (RLIN) 147068
650 13 - PUNTO DE ACCESO ADICIONAL DE MATERIA--TÉRMINO DE MATERIA
Término de materia o nombre geográfico como elemento de entrada Distilled spirits
Subdivisión geográfica Mexico
-- Oaxaca
9 (RLIN) 148015
650 13 - PUNTO DE ACCESO ADICIONAL DE MATERIA--TÉRMINO DE MATERIA
Término de materia o nombre geográfico como elemento de entrada Distilling industry
Subdivisión geográfica Mexico
-- Oaxaca
9 (RLIN) 150297
650 13 - PUNTO DE ACCESO ADICIONAL DE MATERIA--TÉRMINO DE MATERIA
Término de materia o nombre geográfico como elemento de entrada Cocoa products
Subdivisión geográfica Mexico
-- Oaxaca
9 (RLIN) 150295
650 13 - PUNTO DE ACCESO ADICIONAL DE MATERIA--TÉRMINO DE MATERIA
Término de materia o nombre geográfico como elemento de entrada Cocoa industry
Subdivisión geográfica Mexico
-- Oaxaca
9 (RLIN) 150788
700 1# - PUNTO DE ACCESO ADICIONAL--NOMBRE DE PERSONA
Nombre de persona Flores Girón, Emmanuel
Término indicativo de función/relación coordinador
9 (RLIN) 161718
700 1# - PUNTO DE ACCESO ADICIONAL--NOMBRE DE PERSONA
Nombre de persona Aquino Ruíz, Karely Michelle
Término indicativo de función/relación colaboradora
9 (RLIN) 185587
856 40 - LOCALIZACIÓN Y ACCESO ELECTRÓNICOS
Identificador Uniforme del Recurso <a href="http://10.13.5.2/ve/T_C_856_IAI/T_C_856_IAI_2021-REPORTE_pdf">http://10.13.5.2/ve/T_C_856_IAI/T_C_856_IAI_2021-REPORTE_pdf</a>
Texto de enlace DESCARGAR REPORTE
Holdings
Estado de retiro Estado de pérdida Fuente del sistema de clasificación o colocación Estado dañado No para préstamo Código de colección Localización permanente Ubicación/localización actual Ubicación en estantería Fecha de adquisición Fuente de adquisición Total de préstamos Signatura topográfica completa Código de barras Fecha visto por última vez Precio válido a partir de Tipo de ítem Koha
    Clasificación Universidad Autónoma de Chapingo     Viajes de estudio - En línea Ingenieria Agroindustrial Ingenieria Agroindustrial En línea 02/03/2023 El autor   T.C.856 F56 IAI 2021 1206015714 02/03/2023 02/03/2023 Viajes de Estudio - En línea